000 00391 a2200157 4500
000 BKB
001 066080
005 20200902145624.0
008
082 _a801.95
_bC43T
100 1 _aChilds, Peter
245 1 _aTexts
_cby Peter Childs
260 _aEdinburgh
_bEdinburgh University Press
_c2006
300 _a177p.
690 _aCriticism
999 _c272
_d272